| 000 | 01032nam a2200277Ia 4500 | ||
|---|---|---|---|
| 001 | ebr10250654 | ||
| 003 | CaPaEBR | ||
| 006 | m u | ||
| 007 | cr cn||||||||| | ||
| 008 | 960405s1975 enk s 000 0 eng d | ||
| 020 | _z9780485120325 | ||
| 020 | _z0720601347 | ||
| 040 |
_aCaPaEBR _cCaPaEBR |
||
| 035 | _a(OCoLC)320325443 | ||
| 050 | 1 | 4 |
_aPR4037 _b.H37 1975eb |
| 100 | 1 | _aHardy, Barbara Nathan. | |
| 245 | 1 | 2 |
_aA reading of Jane Austen _h[electronic resource] / _cBarbara Hardy. |
| 260 |
_aLondon : _bOwen, _c1975. |
||
| 300 | _a192 p. | ||
| 533 |
_aElectronic reproduction. _bPalo Alto, Calif. : _cebrary, _d2009. _nAvailable via World Wide Web. _nAccess may be limited to ebrary affiliated libraries. |
||
| 600 | 1 | 0 |
_aAusten, Jane, _d1775-1817 _xCriticism and interpretation. |
| 650 | 0 | _aEnglish literature. | |
| 655 | 7 |
_aElectronic books. _2local |
|
| 710 | 2 | _aebrary, Inc. | |
| 856 | 4 | 0 |
_uhttp://site.ebrary.com/lib/rucke/Doc?id=10250654 _zAn electronic book accessible through the World Wide Web; click to view |
| 999 |
_c35744 _d35744 |
||